000 00280nam a22001217a 4500
008 170802b xxu||||| |||| 00| 0 eng d
041 _aeng
080 _a004
100 _a32
101 _aSHK
245 _aCOMPUTER METHODS IN POWER SYSTEM ANALYSIS
_cSTAGG,G.W
942 _2udc
_cBK
999 _c22498
_d22498